000 00840nam a2200253Ia 4500
003 OSt
005 20221005043005.0
006 a|||||r|||| 00| 0
007 ta
008 221004b |||||||| |||| 00| 0 eng d
020 _a9780748665617 (hbk)
_c6064.10
024 _a5219
037 _b37855, 31/05/2013, Segment Book Distributors
_cTextual
040 _aCRL
_cCRL
_beng
041 _2eng
_aeng
082 _aO111:g(W), Q2
100 _aMcQuillan Martin Ed.
245 0 _aPolitical archive of paul de man
_b Property, sovereignty, and the theotropic
260 _aEdinburgh
_bEdinburgh University Press UK
_c2012
300 _ax, 196p.
_ccm.
650 _aENGLISH LITERATURE
942 _hO111:g(W), Q2
_cTEXL
_2cc
999 _c951120
_d951120